Guess the 1970s song lyrics #145 - Statistics

General Stats
  • This quiz has been taken 24 times
  • The average score is 152 of 207
Answer Stats
Answer % Correct
a
95%
and
95%
And
95%
I
95%
the
95%
be
90%
for
90%
in
90%
my
90%
on
90%
that
90%
That
90%
to
90%
away
86%
got
86%
How
86%
it
86%
it's
86%
know
86%
Margaritaville
86%
me
86%
of
86%
say
86%
there's
86%
All
81%
all
81%
But
81%
but
81%
haven't
81%
Some
81%
some
81%
Wastin
81%
blame
76%
clue
76%
had
76%
here
76%
own
76%
people
76%
this
76%
will
76%
woman
76%
again
71%
claim
71%
Don't
71%
fault
71%
lost
71%
real
71%
salt
71%
Searchin
71%
shaker
71%
with
71%
could
67%
damn
67%
out
67%
they're
67%
Nothin
62%
reason
62%
sun
62%
top
62%
beauty
57%
blender
57%
booze
57%
brand
57%
Cut
57%
cutie
57%
hang
57%
helps
57%
Mexican
57%
new
57%
nobody's
57%
Now
57%
pop
57%
stepped
57%
think
57%
those
57%
concoction
52%
home
52%
tattoo
52%
back
48%
covered
48%
frozen
48%
season
48%
watchin
48%
bake
43%
cake
43%
flip
43%
flop
43%
oil
43%
render
43%
soon
43%
sponge
43%
tourists
43%
cruise
38%
front
38%
hell
38%
porch
38%
show
38%
stayed
38%
swing
38%
Yes
38%
beginnin
33%
blew
33%
boil
33%
shrimp
33%
six
33%
Smell
33%
string
33%
Strummin
33%
heel
29%
Nibblin
29%
No matching quizzes found
Score Distribution
Percent of People with Each Score
Percentile by Number Answered
Your Score History
You have not taken this quiz